000 01184nam a2200337 i 4500
003 EG-GICUC
005 20260121101442.0
008 251208s2004 ua ||||fr|||| 00| 0 ara d
017 _a2004/10666
020 _a977-04-3807-3
040 _a EG-GICUC
_bara
_c EG-GICUC
_d EG-GICUC
_erda
041 0 _aara
082 0 4 _221
_a343.52
_bم ح ,ج
092 0 4 _221
099 _aLaw1 10 343.52 م ح ,ج 2004
100 0 _aمحمود صالح العادلي
_eمؤلف.
245 1 2 _aالجريمة الدولية :
_bدراسة مقارنة /
_cدكتور محمود صالح العادلي
264 1 _aالإسكندرية :
_bدار الفكر الجامعي،
_c2004 .
300 _a297 صفحة ؛
_c24 سم
336 _2rda content
_atext
337 _2rda media
_aComputer
338 _2rda carrier
_aOnline Resource
504 _a. 240-220 ببليوجرافيا: صفحات.
546 _aالنص باللغة العربية
650 1 4 _aالجريمة الدولية
_2qrmak
650 1 4 _aالقانون الجنائي
651 1 _2qrmak
856 4 0 _uhttps://fll.law.cu.edu.eg/fulltext/bks/B10-06689.pdf
905 _a70
_eHassnaa
942 _2ddc
_cBK
_e21
_n0
999 _c49136
_d49136